00826nam a2200241Ia 450000100060000000300090000600800410001504000130005604000130006904100130008210000220009510000290011724500730014624500940021925000110031326000140032426000190033826000490035730000590040650000630046565000250052865000310055388738IT-RoPAU130308s9999 xx 000 0 und d aIT-RoPAU cIT-RoPAU aFRANCESE aCasacchia Giorgio gCodice Aut. SPICS: 31728 aAcquis de la tradition chinoise et le contact avec l'occident (Les) bHistoire des idees Linguistiques-1-La Naissance des Metalangages En Orient et En Occident a1a ed. aBRUXELLES bMardaga Pierre c1989 [1° Ed.:1989 - Ed.Ling.Originale:1989] a"10 p. (prefazione: no ; testo: 10 [pagine: 449-458])" aCulture della Tradizione Cinese e contatto con L'Occidente aSAGGI DI LINGUISTICA eCodice materia Spics: 3207